Radios Universitarias /

Guardat en:
Dades bibliogràfiques
Autor principal: Ballesteros López, Tito
Format: Text
Etiquetes: Afegir etiqueta
Sense etiquetes, Sigues el primer a etiquetar aquest registre!

MARC

LEADER 00000 a a2200000 04500
001 46668
003
040
100 |a Ballesteros López, Tito  
245 |a Radios Universitarias /  |c Tito Ballesteros López  
773 |g número29 ( , 2012), páginas 129-135  
999 |c 26924  |d 26924